00482nam a2200169Ia 4500020001800000082001300018245010100031260002900132300000800161440002200169650001400191650002500205650001600230650002700246700002000273700001900293 a9783598220401 a025 LIB- 0aLibraries and information services towards the attainment of the UN millennium development goals aMunchenbK.G. Saurc2008 a224 aIFLA Publications aLibraries aInformation services aAgriculture aInformation technology aKoopman, Sjoerd aNjobvu, Benson